000 00284nam a2200121Ia 4500
008 191201s2015 xx 000 0 und d
100 _aSHARMA, Sanjay
245 0 _aElements of Computer Networks
260 _bkatson
_c2015
300 _a476
650 _aB.Tech(CSE)
942 _2ddc
_cBK
999 _c6854
_d6854